<?xml version="1.0" encoding="UTF-8"?>
<record
    xmlns:xsi="http://www.w3.org/2001/XMLSchema-instance"
    xsi:schemaLocation="http://www.loc.gov/MARC21/slim http://www.loc.gov/standards/marcxml/schema/MARC21slim.xsd"
    xmlns="http://www.loc.gov/MARC21/slim">

  <leader>01848cam a2200601 c 4500</leader>
  <controlfield tag="001">a5341424</controlfield>
  <controlfield tag="003">PE-LiUPU</controlfield>
  <controlfield tag="005">20250731170408.0</controlfield>
  <controlfield tag="005">20130516        </controlfield>
  <controlfield tag="008">130422s2013    sp     | |||| 000 0 spa  </controlfield>
  <datafield tag="015" ind1=" " ind2=" ">
    <subfield code="a">MON1305</subfield>
  </datafield>
  <datafield tag="017" ind1=" " ind2=" ">
    <subfield code="a">M 6800-2013</subfield>
    <subfield code="b">Oficina Dep&#xF3;sito Legal Madrid</subfield>
  </datafield>
  <datafield tag="020" ind1=" " ind2=" ">
    <subfield code="a">9788428825641</subfield>
  </datafield>
  <datafield tag="035" ind1=" " ind2=" ">
    <subfield code="a">(Sirsi) i9788428825641</subfield>
  </datafield>
  <datafield tag="035" ind1=" " ind2=" ">
    <subfield code="a">(Sirsi) 52104</subfield>
  </datafield>
  <datafield tag="035" ind1=" " ind2=" ">
    <subfield code="a">(OCoLC)864203219</subfield>
  </datafield>
  <datafield tag="040" ind1=" " ind2=" ">
    <subfield code="a">SpMaBN</subfield>
    <subfield code="b">spa</subfield>
    <subfield code="c">SpMaBN</subfield>
  </datafield>
  <datafield tag="082" ind1="0" ind2="4">
    <subfield code="a">155.67</subfield>
    <subfield code="b">B39</subfield>
  </datafield>
  <datafield tag="100" ind1="1" ind2=" ">
    <subfield code="a">Bermejo, Jos&#xE9; Carlos</subfield>
    <subfield code="d">1963-</subfield>
  </datafield>
  <datafield tag="245" ind1="1" ind2="0">
    <subfield code="a">Soy mayor :</subfield>
    <subfield code="b">pensamientos para regalar /</subfield>
    <subfield code="c">Jos&#xE9; Carlos Bermejo.</subfield>
  </datafield>
  <datafield tag="250" ind1=" " ind2=" ">
    <subfield code="a">Nueva edici&#xF3;n aumentada.</subfield>
  </datafield>
  <datafield tag="264" ind1=" " ind2="1">
    <subfield code="a">Boadilla del Monte, Madrid :</subfield>
    <subfield code="b">PPC,</subfield>
    <subfield code="c">2013.</subfield>
  </datafield>
  <datafield tag="300" ind1=" " ind2=" ">
    <subfield code="a">121 p&#xE1;ginas ;</subfield>
    <subfield code="c">20 cm</subfield>
  </datafield>
  <datafield tag="505" ind1="0" ind2=" ">
    <subfield code="a">Soledad. Recordar sanamente. Edad de la ternura. Vivir el presente. Enfermedad y dependencia. Familia. Proximidad del fin: tiempo para la esperanza. Vivir saludablemente. Ancianidad bienaventurada.</subfield>
  </datafield>
  <datafield tag="526" ind1=" " ind2=" ">
    <subfield code="a">SEG68</subfield>
  </datafield>
  <datafield tag="526" ind1=" " ind2=" ">
    <subfield code="a">SEG70</subfield>
  </datafield>
  <datafield tag="526" ind1=" " ind2=" ">
    <subfield code="a">SEG69</subfield>
  </datafield>
  <datafield tag="526" ind1=" " ind2=" ">
    <subfield code="a">SEG67</subfield>
  </datafield>
  <datafield tag="526" ind1=" " ind2=" ">
    <subfield code="a">SEG43</subfield>
  </datafield>
  <datafield tag="526" ind1=" " ind2=" ">
    <subfield code="a">P144</subfield>
  </datafield>
  <datafield tag="526" ind1=" " ind2=" ">
    <subfield code="a">P143</subfield>
  </datafield>
  <datafield tag="526" ind1=" " ind2=" ">
    <subfield code="a">P131</subfield>
  </datafield>
  <datafield tag="526" ind1=" " ind2=" ">
    <subfield code="a">P122</subfield>
  </datafield>
  <datafield tag="526" ind1=" " ind2=" ">
    <subfield code="a">P120</subfield>
  </datafield>
  <datafield tag="526" ind1=" " ind2=" ">
    <subfield code="a">P117</subfield>
  </datafield>
  <datafield tag="526" ind1=" " ind2=" ">
    <subfield code="a">P112</subfield>
  </datafield>
  <datafield tag="526" ind1=" " ind2=" ">
    <subfield code="a">P110</subfield>
  </datafield>
  <datafield tag="526" ind1=" " ind2=" ">
    <subfield code="a">P106</subfield>
  </datafield>
  <datafield tag="526" ind1=" " ind2=" ">
    <subfield code="a">P101</subfield>
  </datafield>
  <datafield tag="526" ind1=" " ind2=" ">
    <subfield code="a">P80</subfield>
  </datafield>
  <datafield tag="526" ind1=" " ind2=" ">
    <subfield code="a">P59</subfield>
  </datafield>
  <datafield tag="526" ind1=" " ind2=" ">
    <subfield code="a">P54</subfield>
  </datafield>
  <datafield tag="526" ind1=" " ind2=" ">
    <subfield code="a">P35</subfield>
  </datafield>
  <datafield tag="526" ind1=" " ind2=" ">
    <subfield code="a">P33</subfield>
  </datafield>
  <datafield tag="526" ind1=" " ind2=" ">
    <subfield code="a">P30</subfield>
  </datafield>
  <datafield tag="650" ind1=" " ind2="7">
    <subfield code="a">Ancianos</subfield>
    <subfield code="x">Psicolog&#xED;a.</subfield>
  </datafield>
  <datafield tag="650" ind1=" " ind2="7">
    <subfield code="a">Ancianos</subfield>
    <subfield code="x">Vida religiosa.</subfield>
  </datafield>
  <datafield tag="650" ind1=" " ind2="7">
    <subfield code="a">Ancianos</subfield>
    <subfield code="v">Citas.</subfield>
  </datafield>
  <datafield tag="942" ind1=" " ind2=" ">
    <subfield code="2">ddc</subfield>
    <subfield code="c">BOOK</subfield>
  </datafield>
  <datafield tag="949" ind1=" " ind2=" ">
    <subfield code="a">155.67 B39</subfield>
    <subfield code="i">69514</subfield>
    <subfield code="l">CCODEBUL1</subfield>
    <subfield code="m">BUL</subfield>
    <subfield code="t">LIBRO</subfield>
    <subfield code="o">.STAFF. Colecci&#xF3;n General</subfield>
  </datafield>
  <datafield tag="596" ind1=" " ind2=" ">
    <subfield code="a">1</subfield>
  </datafield>
  <datafield tag="999" ind1=" " ind2=" ">
    <subfield code="a">155.67 B39</subfield>
    <subfield code="w">DEWEY</subfield>
    <subfield code="c">6043</subfield>
    <subfield code="i">69514</subfield>
    <subfield code="d">6043</subfield>
    <subfield code="f">2021-11-3</subfield>
    <subfield code="g">5</subfield>
    <subfield code="l">CCODEBUL1</subfield>
    <subfield code="m">BUL</subfield>
    <subfield code="p">14.00</subfield>
    <subfield code="q">1</subfield>
    <subfield code="r">0</subfield>
    <subfield code="s">Y</subfield>
    <subfield code="t">BOOK</subfield>
    <subfield code="u">2015-7-6</subfield>
    <subfield code="x">SALUD</subfield>
    <subfield code="P">P35</subfield>
    <subfield code="0">COMPRA</subfield>
    <subfield code="o">.STAFF. Colecci&#xF3;n General</subfield>
  </datafield>
  <datafield tag="980" ind1=" " ind2=" ">
    <subfield code="8">1</subfield>
    <subfield code="g">ALBERTO SANCHEZ Responsable de Automatizaci&#xF3;n</subfield>
  </datafield>
  <datafield tag="952" ind1=" " ind2=" ">
    <subfield code="r">2025-12-02 00:00:00</subfield>
    <subfield code="i">6</subfield>
    <subfield code="l">0</subfield>
    <subfield code="o">155.67 B39</subfield>
    <subfield code="p">69514</subfield>
    <subfield code="t">e1</subfield>
    <subfield code="v">19.00</subfield>
    <subfield code="w">2015-07-06</subfield>
    <subfield code="x">FT</subfield>
    <subfield code="y">BK</subfield>
    <subfield code="z">inventario-2023-12-13</subfield>
    <subfield code="1">0</subfield>
    <subfield code="2">ddc</subfield>
    <subfield code="5">0</subfield>
    <subfield code="7">0</subfield>
    <subfield code="8">GEN</subfield>
    <subfield code="f">P35</subfield>
    <subfield code="a">BUL</subfield>
    <subfield code="b">BUL</subfield>
    <subfield code="c">GEN</subfield>
    <subfield code="d">2015-07-06</subfield>
    <subfield code="e">COMPRA</subfield>
    <subfield code="g">14.00</subfield>
  </datafield>
</record>
